000 00607nam a2200241Ia 4500
008 170203s9999 xx 000 0 und d
020 _a0-73440333x
050 _aFIc
050 _bB636n
100 _aBlake, Bronwyn.
245 _aNick Riley's ninth life /
245 _cBronwyn Blake.
260 _aSouth Melbourne, Victoria :
260 _bLothian Books,
260 _c2002
300 _a94 pages ;
300 _c20 cm.
440 _aCrime waves.
650 _aAnimal welfare --
650 _aDrug abuse and crime --
650 _xJuvenile fiction.
650 _xJuvenile fiction.
999 _c306426
_d306426